| 000 | 00414nam a22001457a 4500 | ||
|---|---|---|---|
| 020 | _a9789332518537 | ||
| 040 | _cNUST | ||
| 082 |
_a621.31042 _bWIL |
||
| 100 |
_aTheodore Wildi _9124119 |
||
| 245 | _aElectrical Machines, Drives and Power Systems | ||
| 250 | _aSixth Edition | ||
| 260 |
_aIndia: _bPearson Education, _c2018. |
||
| 650 |
_aElectrical Machines, Drives and Power Systems _9124120 |
||
| 942 |
_2ddc _cBK |
||
| 999 |
_c610084 _d610084 |
||